[Event "San Francisco TNM Winter op"]
[Site "San Francisco"]
[Date "2011.01.25"]
[Round "4"]
[White "Shipman, Walter"]
[Black "Cunningham, Robin J"]
[Result "1/2-1/2"]
[WhiteElo "2200"]
[BlackElo "2265"]
[PlyCount "35"]
[EventDate "2011.01.04"]
[EventType "swiss"]
[EventRounds "8"]
[EventCountry "USA"]
[SourceTitle "EXT 2012"]
[Source "ChessBase"]
[SourceDate "2011.11.24"]
[SourceVersion "1"]
[SourceVersionDate "2011.11.24"]
[SourceQuality "1"]

1. d4 d5 2. c4 e6 3. Nf3 c5 4. cxd5 exd5 5. g3 Nc6 6. Bg2 Nf6 7. 0-0 Be7 8. dxc5 Bxc5 9. a3 0-0 10. b4 Bb6 11. Bb2 Re8 12. Nbd2 Qe7 13. e3 Bg4 14. h3 Bf5 15. Nb3 Be4 16. Nbd4 Ne5 17. Nxe5 Qxe5 18. Rc1 1/2-1/2

[Event "US Open-111"]
[Site "Irvine"]
[Date "2010.08.03"]
[Round "4"]
[White "Kaufman, Larry C"]
[Black "Shipman, Walter"]
[Result "1/2-1/2"]
[WhiteElo "2413"]
[BlackElo "2191"]
[PlyCount "36"]
[EventDate "2010.07.31"]
[EventType "swiss"]
[EventRounds "9"]
[EventCountry "USA"]
[SourceTitle "CBM 137 Extra"]
[Source "ChessBase"]
[SourceDate "2010.09.01"]
[SourceVersion "1"]
[SourceVersionDate "2010.09.01"]
[SourceQuality "1"]

1. d4 d5 2. c4 e6 3. Nf3 c6 4. Qc2 Nd7 5. g3 Ngf6 6. Bg2 Bb4+ 7. Bd2 Bxd2+ 8. Nbxd2 0-0 9. 0-0 b6 10. e4 Nxe4 11. Nxe4 dxe4 12. Qxe4 Bb7 13. Rad1 Qc7 14. Qc2 c5 15. d5 exd5 16. cxd5 Qd6 17. Nd2 Ba6 18. Rfe1 Nf6 1/2-1/2

[Event "USA-ch Qualifier"]
[Site "Tulsa"]
[Date "2008.03.30"]
[Round "7"]
[White "Brooks, Michael A"]
[Black "Shipman, Walter"]
[Result "1-0"]
[WhiteElo "2478"]
[BlackElo "2216"]
[PlyCount "79"]
[EventDate "2008.03.28"]
[EventType "swiss"]
[EventRounds "7"]
[EventCountry "USA"]
[SourceTitle "CBM 123 Extra"]
[Source "ChessBase"]
[SourceDate "2008.05.06"]
[SourceVersion "1"]
[SourceVersionDate "2008.05.06"]
[SourceQuality "1"]

1. e4 e5 2. Nf3 Nc6 3. Bb5 Nge7 4. Nc3 d6 5. d4 a6 6. Be2 Nxd4 7. Nxd4 exd4 8. Qxd4 Nc6 9. Qe3 Nb4 10. Qd2 Be6 11. 0-0 Be7 12. a3 Nc6 13. Nd5 0-0 14. b3 Bxd5 15. exd5 Ne5 16. f4 Nd7 17. Bf3 Re8 18. c3 Bf6 19. Qc2 Qb8 20. Bd2 Qa7+ 21. Kh1 Re7 22. Rae1 Rxe1 23. Rxe1 Qf2 24. Qd1 Qc5 25. Qc1 b5 26. g3 Kf8 27. Kg2 a5 28. Re4 Nb6 29. b4 axb4 30. axb4 Qxd5 31. Re8+ Rxe8 32. Bxd5 Nxd5 33. c4 bxc4 34. Qxc4 c6 35. b5 Rc8 36. bxc6 Ne7 37. c7 d5 38. Qc5 Ke8 39. Qd6 Nf5 40. Qc6+ 1-0

[Event "Lovegrove Seniors op"]
[Site "San Francisco"]
[Date "2006.04.02"]
[Round "3"]
[White "Shipman, Walter"]
[Black "Margulis, Igor"]
[Result "1/2-1/2"]
[WhiteElo "2212"]
[BlackElo "2227"]
[PlyCount "116"]
[EventDate "2006.04.01"]
[EventType "swiss"]
[EventRounds "4"]
[EventCountry "USA"]
[SourceTitle "EXT 2024"]
[Source "ChessBase"]
[SourceDate "2023.10.10"]
[SourceVersion "1"]
[SourceVersionDate "2023.10.10"]
[SourceQuality "1"]

1. d4 g6 2. e4 Bg7 3. Ne2 d6 4. Nbc3 Nc6 5. Be3 Nf6 6. h3 0-0 7. g3 e5 8. Bg2 Re8 9. 0-0 exd4 10. Nxd4 Bd7 11. Nde2 a6 12. a4 Nb4 13. a5 Bc6 14. Qd2 Bd7 15. g4 h5 16. g5 Nh7 17. h4 f6 18. f4 fxg5 19. hxg5 Bg4 20. Bd4 Qd7 21. Bxg7 Qxg7 22. Rf2 Rad8 23. Rc1 c5 24. Nd1 Nc6 25. Ra1 Nf8 26. Qc3 d5 27. Qxg7+ Kxg7 28. Ndc3 d4 29. Nd5 Bxe2 30. Rxe2 Rxd5 31. exd5 Rxe2 32. dxc6 bxc6 33. Bf1 Rxc2 34. b3 Ne6 35. Bxa6 Nxf4 36. Bf1 h4 37. a6 Ne6 38. a7 Nc7 39. a8Q Nxa8 40. Rxa8 Rc3 41. Ra7+ Kf8 42. Bc4 Rg3+ 43. Kh2 Rxg5 44. Rf7+ Ke8 45. Rh7 Kd8 46. Kh3 d3 47. Ra7 Rg1 48. Ra2 g5 49. Rd2 Ke7 50. Rxd3 Kf6 51. Kh2 Re1 52. Rd6+ Kf5 53. Rxc6 Re5 54. Rc8 g4 55. Rf8+ Kg5 56. Rg8+ Kf4 57. Kg2 Re3 58. Rf8+ Kg5 1/2-1/2

[Event "Western States op"]
[Site "Reno"]
[Date "2004.10.16"]
[Round "4"]
[White "Shipman, Walter"]
[Black "Lehman, Clarence"]
[Result "1-0"]
[WhiteElo "2247"]
[BlackElo "1911"]
[PlyCount "151"]
[EventDate "2004.10.15"]
[EventType "swiss"]
[EventRounds "6"]
[EventCountry "USA"]
[SourceTitle "EXT 2009"]
[Source "ChessBase"]
[SourceDate "2008.11.26"]
[SourceVersion "1"]
[SourceVersionDate "2008.11.26"]
[SourceQuality "1"]

1. d4 Nf6 2. g3 g6 3. Bg2 Bg7 4. e4 d6 5. Nc3 0-0 6. Nge2 c6 7. a4 a5 8. 0-0 Na6 9. h3 e5 10. Be3 Qc7 11. f4 exf4 12. Nxf4 Bd7 13. Qf3 h5 14. Rad1 Rae8 15. Rfe1 Qc8 16. Kh2 Nh7 17. Qf2 Nf6 18. Bc1 Bg4 19. Bf3 Bxf3 20. Qxf3 Nb4 21. Re2 Qb8 22. Nd3 Nh7 23. Nxb4 axb4 24. Na2 c5 25. dxc5 dxc5 26. Bf4 Be5 27. Nc1 h4 28. Nd3 hxg3+ 29. Qxg3 Bxf4 30. Qxf4 Qxf4+ 31. Nxf4 Kg7 32. Rd7 b6 33. Rb7 Ng5 34. Rxb6 Rxe4 35. Rxe4 Nxe4 36. a5 Rd8 37. a6 Rd2+ 38. Ng2 Rd1 39. Rb7 Ra1 40. a7 Nd6 41. Rc7 c4 42. Rc6 Rxa7 43. Rxd6 Ra2 44. Rd4 Rxb2 45. Rxc4 b3 46. cxb3 Rxb3 47. Re4 g5 48. Re3 Rb4 49. Kg3 Kg6 50. Ra3 f5 51. Ra6+ Kh5 52. Rf6 f4+ 53. Kh2 Rb1 54. Re6 Ra1 55. Re5 Kg6 56. Ne1 Ra2+ 57. Kg1 Kf6 58. Rc5 Ra3 59. Kh2 Re3 60. Nc2 Re2+ 61. Kg1 f3 62. Nd4 Rg2+ 63. Kf1 g4 64. Rf5+ Ke7 65. h4 Rh2 66. Rf4 Rh1+ 67. Kf2 Rh2+ 68. Ke3 Rg2 69. h5 f2 70. Rxf2 Rxf2 71. Kxf2 Kf6 72. Ne2 Kg5 73. Ng3 Kh6 74. Ke3 Kg5 75. Ke4 Kh6 76. Kf4 1-0

[Event "Western States op"]
[Site "Reno"]
[Date "2004.10.15"]
[Round "2"]
[White "Shipman, Walter"]
[Black "Matikozian, Andranik"]
[Result "0-1"]
[WhiteElo "2247"]
[BlackElo "2548"]
[PlyCount "80"]
[EventDate "2004.10.15"]
[EventType "swiss"]
[EventRounds "6"]
[EventCountry "USA"]
[SourceTitle "EXT 2009"]
[Source "ChessBase"]
[SourceDate "2008.11.26"]
[SourceVersion "1"]
[SourceVersionDate "2008.11.26"]
[SourceQuality "1"]

1. d4 Nf6 2. g3 g6 3. Bg2 Bg7 4. e4 d6 5. Nc3 0-0 6. Nge2 e5 7. h3 Nbd7 8. 0-0 c6 9. a4 Re8 10. a5 Rb8 11. Be3 b5 12. axb6 axb6 13. f4 b5 14. dxe5 dxe5 15. f5 Qc7 16. g4 Nb6 17. b3 b4 18. Na4 Nxa4 19. Rxa4 c5 20. Ng3 Nd7 21. Qf3 Bb7 22. Raa1 Rbc8 23. Rad1 Nb8 24. Rd2 Nc6 25. Bxc5 Nd4 26. Bxd4 exd4 27. f6 Bf8 28. Qd3 Qb6 29. Kh2 Ba6 30. Qf3 Rc3 31. Rd3 Bxd3 32. cxd3 Qb5 33. Rd1 Rxb3 34. Ne2 Qe5+ 35. Kg1 Re6 36. Rf1 Bd6 37. Qf4 Qxf4 38. Nxf4 Rxf6 39. Nd5 Rxf1+ 40. Bxf1 Rb1 0-1

[Event "World op 32nd"]
[Site "Philadelphia"]
[Date "2004.07.02"]
[Round "2"]
[White "Shipman, Walter"]
[Black "Stapczynski, Colin"]
[Result "1-0"]
[WhiteElo "2223"]
[BlackElo "1999"]
[PlyCount "81"]
[EventDate "2004.07.01"]
[EventType "swiss"]
[EventRounds "9"]
[EventCountry "USA"]
[SourceTitle "CBM 101 Extra"]
[Source "ChessBase"]
[SourceDate "2004.09.01"]
[SourceVersion "2"]
[SourceVersionDate "2004.09.01"]
[SourceQuality "1"]

1. d4 Nf6 2. g3 c5 3. d5 e5 4. Nc3 d6 5. e4 Be7 6. Nf3 Nbd7 7. a4 Nf8 8. Nd2 Ng6 9. Nc4 Bd7 10. Bg2 0-0 11. 0-0 Ne8 12. f4 Bf6 13. f5 Nh8 14. h4 b6 15. Rf2 Be7 16. Bf1 Qb8 17. Rh2 f6 18. g4 Nf7 19. Rg2 h6 20. Nd2 a6 21. Nf3 Qd8 22. Be3 Nc7 23. Rb1 b5 24. axb5 axb5 25. b4 Ra3 26. Qd2 c4 27. Nd1 Qa8 28. Nf2 Qa4 29. Nh3 Bd8 30. g5 hxg5 31. hxg5 fxg5 32. Nhxg5 Nxg5 33. Nxg5 Na8 34. c3 Ra1 35. Rxa1 Qxa1 36. Ne6 Bxe6 37. dxe6 Qa6 38. Rxg7+ Kxg7 39. Bh6+ Kh7 40. Bxf8 Qa7+ 41. Kh1 1-0

[Event "World op 32nd"]
[Site "Philadelphia"]
[Date "2004.07.01"]
[Round "1"]
[White "Najer, Evgeniy"]
[Black "Shipman, Walter"]
[Result "1-0"]
[WhiteElo "2606"]
[BlackElo "2223"]
[PlyCount "83"]
[EventDate "2004.07.01"]
[EventType "swiss"]
[EventRounds "9"]
[EventCountry "USA"]
[SourceTitle "CBM 101 Extra"]
[Source "ChessBase"]
[SourceDate "2004.09.01"]
[SourceVersion "2"]
[SourceVersionDate "2004.09.01"]
[SourceQuality "1"]

1. e4 e5 2. Nf3 Nc6 3. Bb5 Nge7 4. c3 a6 5. Ba4 d6 6. d4 Bd7 7. h4 h6 8. h5 Ng8 9. d5 Nb8 10. Bxd7+ Nxd7 11. c4 Ngf6 12. Nc3 Nc5 13. Qc2 a5 14. Be3 b6 15. 0-0-0 Qd7 16. Kb1 Be7 17. Rh3 Ng4 18. Bc1 0-0-0 19. a3 a4 20. Ne1 Bg5 21. Nd3 Nb3 22. Bxg5 hxg5 23. Nb4 Nd4 24. Qd2 f6 25. f3 Nh6 26. Qd3 f5 27. c5 dxc5 28. Qa6+ Kb8 29. Rxd4 cxb4 30. Rxb4 Qc8 31. Qxa4 Qb7 32. Rc4 fxe4 33. fxe4 Nf7 34. Nb5 Rc8 35. Rhc3 Qa8 36. Qxa8+ Kxa8 37. Rxc7 Rxc7 38. Rxc7 Rf8 39. Re7 Nd8 40. Rxg7 Rf1+ 41. Ka2 Nf7 42. d6 1-0

[Event "Las Vegas National op"]
[Site "Las Vegas"]
[Date "2004.06.19"]
[Round "3"]
[White "Mulyar, Michael A"]
[Black "Shipman, Walter"]
[Result "1/2-1/2"]
[WhiteElo "2413"]
[BlackElo "2223"]
[PlyCount "32"]
[EventDate "2004.06.18"]
[EventType "swiss"]
[EventRounds "6"]
[EventCountry "USA"]
[SourceTitle "CBM 100 Extra"]
[Source "ChessBase"]
[SourceDate "2004.07.06"]
[SourceVersion "2"]
[SourceVersionDate "2004.07.06"]
[SourceQuality "1"]

1. e4 e5 2. Nf3 Nc6 3. Bb5 Nge7 4. 0-0 Ng6 5. d4 exd4 6. Nxd4 Bc5 7. Be3 Nxd4 8. Bxd4 Qg5 9. Bxc5 Qxc5 10. Nc3 0-0 11. Qd2 d6 12. Kh1 f5 13. Be2 Be6 14. f4 Bc4 15. Rae1 Bxe2 16. Rxe2 Rae8 1/2-1/2

[Event "San Francisco March Masters"]
[Site "San Francisco"]
[Date "2003.03.07"]
[Round "5"]
[White "Thornally, Frank"]
[Black "Shipman, Walter"]
[Result "1/2-1/2"]
[WhiteElo "2280"]
[BlackElo "2233"]
[PlyCount "22"]
[EventDate "2003.03.01"]
[EventType "tourn"]
[EventRounds "5"]
[EventCountry "USA"]
[SourceTitle "CBM 093 Extra"]
[Source "ChessBase"]
[SourceDate "2003.05.09"]
[SourceVersion "1"]
[SourceVersionDate "2003.05.09"]
[SourceQuality "1"]

1. e4 e5 2. Nf3 Nc6 3. Bb5 Nge7 4. 0-0 Ng6 5. c3 d6 6. d4 Bd7 7. d5 Nb8 8. Bxd7+ Nxd7 9. c4 Be7 10. Nc3 0-0 11. Qc2 Nh4 1/2-1/2

[Event "Western States op"]
[Site "Reno"]
[Date "2002.10.20"]
[Round "5"]
[White "Donaldson, John W"]
[Black "Shipman, Walter"]
[Result "1/2-1/2"]
[WhiteElo "2465"]
[BlackElo "2239"]
[PlyCount "49"]
[EventDate "2002.10.18"]
[EventType "swiss"]
[EventRounds "6"]
[EventCountry "USA"]
[SourceTitle "EXT 2009"]
[Source "ChessBase"]
[SourceDate "2008.11.26"]
[SourceVersion "1"]
[SourceVersionDate "2008.11.26"]
[SourceQuality "1"]

1. d4 Nf6 2. c4 e6 3. Nf3 d5 4. Nc3 c6 5. e3 Nbd7 6. Bd3 Bb4 7. a3 Ba5 8. 0-0 0-0 9. Qc2 Bc7 10. Bd2 dxc4 11. Bxc4 e5 12. Ba2 exd4 13. exd4 Nb6 14. h3 Nbd5 15. Bg5 Qd6 16. Rad1 Be6 17. Bb1 g6 18. Qd2 Rfe8 19. Rfe1 Nxc3 20. bxc3 Bb3 21. Rc1 Rxe1+ 22. Rxe1 Bd5 23. Ne5 b5 24. Bf4 Nh5 25. Bh6 1/2-1/2

[Event "Western States op"]
[Site "Reno"]
[Date "2002.10.19"]
[Round "3"]
[White "Ivanov, Alexander"]
[Black "Shipman, Walter"]
[Result "1-0"]
[WhiteElo "2620"]
[BlackElo "2239"]
[PlyCount "63"]
[EventDate "2002.10.18"]
[EventType "swiss"]
[EventRounds "6"]
[EventCountry "USA"]
[SourceTitle "EXT 2009"]
[Source "ChessBase"]
[SourceDate "2008.11.26"]
[SourceVersion "1"]
[SourceVersionDate "2008.11.26"]
[SourceQuality "1"]

1. e4 e5 2. Nf3 Nc6 3. Bb5 Nge7 4. Nc3 d6 5. d4 a6 6. Bc4 exd4 7. Nxd4 Nxd4 8. Qxd4 Nc6 9. Qe3 g6 10. h4 h6 11. Qg3 Nd4 12. Qd3 Bg7 13. Be3 c5 14. 0-0-0 b5 15. Bd5 Rb8 16. Bxd4 Bxd4 17. Ne2 Bf6 18. Bc6+ Ke7 19. Nf4 Be6 20. Bd5 Be5 21. Qf3 Bxf4+ 22. Qxf4 Qc7 23. g4 Rbg8 24. Rd2 g5 25. Qg3 gxh4 26. Qxh4+ Kd7 27. e5 dxe5 28. Bb7+ Ke8 29. Bc6+ Kf8 30. Qf6 Qxc6 31. Rd8+ Qe8 32. Rhd1 1-0

[Event "American op 37th"]
[Site "Los Angeles"]
[Date "2001.11.25"]
[Round "8"]
[White "Steel, David T"]
[Black "Shipman, Walter"]
[Result "1/2-1/2"]
[WhiteElo "2055"]
[BlackElo "2284"]
[PlyCount "135"]
[EventDate "2001.11.22"]
[EventType "swiss"]
[EventRounds "8"]
[EventCountry "USA"]
[SourceTitle "CBM 085 Extra"]
[Source "ChessBase"]
[SourceDate "2002.01.21"]
[SourceVersion "1"]
[SourceVersionDate "2002.01.21"]
[SourceQuality "1"]

1. d4 d5 2. Nf3 Nf6 3. e3 c6 4. Bd3 Bg4 5. Nbd2 Nbd7 6. c3 e5 7. dxe5 Nxe5 8. Be2 Ned7 9. 0-0 Bd6 10. Nd4 Bxe2 11. Qxe2 0-0 12. c4 Re8 13. cxd5 Nxd5 14. Nf5 Bf8 15. e4 N5f6 16. b3 g6 17. Ng3 Bg7 18. Bb2 Nc5 19. Rad1 Qd3 20. Qxd3 Nxd3 21. Ba1 Rad8 22. a3 h5 23. f3 Nf4 24. Nc4 h4 25. Nh1 Ne6 26. Na5 Rxd1 27. Rxd1 Rd8 28. Nf2 Rxd1+ 29. Nxd1 Nd8 30. Kf2 Nxe4+ 31. fxe4 Bxa1 32. Kf3 Be5 33. h3 Bc7 34. Nc4 Ne6 35. Kg4 Nc5 36. Nd2 Bg3 37. Ne3 Be1 38. Nef1 Nxe4 39. Nxe4 f5+ 40. Kf4 fxe4 41. Kxe4 Kf7 42. Ne3 Bg3 43. Nc4 Bc7 44. Ne3 Ke6 45. Nc4 b5 46. Nd2 c5 47. Nf3 Bd8 48. Ne5 g5 49. Nc6 Bb6 50. Ne5 a6 51. Nf3 Bd8 52. Ne5 Bf6 53. Nd3 Be7 54. Ne5 c4 55. bxc4 Bxa3 56. cxb5 axb5 57. Nf3 Kf6 58. Nd4 b4 59. Nc2 Ke6 60. Kf3 Ke5 61. g3 hxg3 62. Kxg3 Kf5 63. Nd4+ Ke4 64. Nc2 Kd3 65. Nxb4+ Bxb4 66. Kg4 Be7 67. h4 gxh4 68. Kh3 1/2-1/2